000 00923nam a22002177a 4500
999 _c5981
_d5981
005 20260108112549.0
008 260108b ||||| |||| 00| 0 eng d
020 _a9781444959840
040 _cKH8
082 _a823.912 BLY
100 _aBLYTON,ENID
_eAUTHOR
245 _aA faraway Tree Adventure The Land of Goodies
260 _aCarmelite House,50 Victoria Embankment,London EC4Y 0DZ
_bHodder & Stoughton Limited
_c2021
300 _a74 pages
_bColour illustration
_c13cm x 20cm
520 _aA classic short tale from Enid Blyton's magical Faraway Tree series with exciting new full-colour illustrations from Alex Paterson - perfect for new readers! The Land of Goodies has come to the top of the Faraway Tree, and it is the tastiest place that Joe, Beth, Frannie and Rick have ever been.
650 _aJuvenile Literature
655 _aClassics
655 _aAction
655 _aAdventure
942 _2ddc
_cFIC